|
|
|
|
| LEADER |
00684cam a2200181 4500 |
| 008 |
741218s1973 ii a 000 0 eng |
| 082 |
0 |
0 |
|a 181/.4
|
| 100 |
1 |
|
|a Banerjee, Nikunja Vihari
|
| 245 |
1 |
0 |
|a Indian experiments with truth /
|c Nikunja Vihari Banerjee
|
| 260 |
|
|
|a New Delhi :
|b Arnold-Heinemann India,
|c [1973].
|
| 300 |
|
|
|a 48 p. ;
|b illus.
|c 14 x 22 cm.
|
| 350 |
|
|
|a Rs15.00
|
| 650 |
|
0 |
|a Philosophy, Indic
|y 20th century.
|
| 650 |
|
0 |
|a Philosophy, Indic.
|
| 906 |
|
|
|a 7
|b cbu
|c orignew
|d 4
|e ncip
|f 19
|g y-gencatlg
|
| 942 |
|
|
|c BK
|
| 999 |
|
|
|c 275941
|d 275941
|
| 952 |
|
|
|0 0
|1 0
|2 ddc
|4 0
|6 181_000000000000000__4_BAN_I
|7 0
|9 310458
|a PHL
|b PHL
|c ST1
|d 2015-07-20
|i 1240
|l 0
|o 181/.4 BAN/I
|p PHL1240
|r 2015-07-20
|y BK
|